Search the Library Catalogue
| 000 -LEADER | |
|---|---|
| fixed length control field | 00666nam a2200241Ia 4500 |
| 003 - CONTROL NUMBER IDENTIFIER | |
| control field | OSt |
| 005 - DATE AND TIME OF LATEST TRANSACTION | |
| control field | 20250813115551.0 |
| 008 - FIXED-LENGTH DATA ELEMENTS--GENERAL INFORMATION | |
| fixed length control field | 191130s1997##################000#0#eng## |
| 020 ## - INTERNATIONAL STANDARD BOOK NUMBER | |
| International Standard Book Number | 9780747254614 |
| 040 ## - CATALOGING SOURCE | |
| Original cataloging agency | ACL |
| Transcribing agency | ACL |
| 082 ## - DEWEY DECIMAL CLASSIFICATION NUMBER | |
| Classification number | 823.914 JAR |
| 100 ## - MAIN ENTRY--PERSONAL NAME | |
| Personal name | Jardine, Quintin |
| 245 ## - TITLE STATEMENT | |
| Title | A coffin for two |
| Statement of responsibility, etc. | Quintin Jardine |
| 250 ## - EDITION STATEMENT | |
| Edition statement | 1st ed |
| 260 ## - PUBLICATION, DISTRIBUTION, ETC. | |
| Place of publication, distribution, etc. | London |
| Name of publisher, distributor, etc. | Headline |
| Date of publication, distribution, etc. | 1997 |
| 300 ## - PHYSICAL DESCRIPTION | |
| Extent | 310 p. ; 18 cm |
| 650 ## - SUBJECT ADDED ENTRY--TOPICAL TERM | |
| Topical term or geographic name entry element | Criminals - Spain - Costa Brava - Fiction |
| Topical term or geographic name entry element | Private investigators -- Spain -- Costa Brava -- Fiction |
| 856 ## - ELECTRONIC LOCATION AND ACCESS | |
| Materials specified | pbk |
| 942 ## - ADDED ENTRY ELEMENTS (KOHA) | |
| Source of classification or shelving scheme | Dewey Decimal Classification |
| Koha item type | English Books |
| 990 ## - EQUIVALENCES OR CROSS-REFERENCES [LOCAL, CANADA] | |
| Link information for 9XX fields | 077372fcac10000c4a80cc5ca17ed2d1 |
| Withdrawn status | Lost status | Source of classification or shelving scheme | Materials specified (bound volume or other part) | Damaged status | Not for loan | Home library | Current library | Shelving location | Date acquired | Total Checkouts | Full call number | Barcode | Date last seen | Price effective from | Koha item type |
|---|---|---|---|---|---|---|---|---|---|---|---|---|---|---|---|
| Dewey Decimal Classification | pbk | Anna Centenary Library | Anna Centenary Library | 4TH FLOOR, B WING | 15.10.2020 | 823.914 JAR | 363663 | 15.10.2020 | 15.10.2020 | English Books |